| Tag |
First Indicator |
Second Indicator |
Subfields |
| LEADER |
00000cam a2200000 a 4500 |
| 001 |
in00000079981 |
| 005 |
20151008055254.0 |
| 008 |
810904s1980 onca b 00000 eng d |
| 015 |
|
|
|a C81-094170-8
|
| 020 |
|
|
|a 0920802281
|
| 035 |
|
|
|a (OCoLC)07728611
|
| 035 |
|
|
|9 AAJ3015AM
|
| 040 |
|
|
|a WIH
|c WIH
|d TXA
|d UtOrBLW
|
| 043 |
|
|
|a n-cn---
|
| 049 |
|
|
|a TXAM
|c [1633018]
|
| 055 |
0 |
0 |
|a FC73
|b .Y36
|a F1015
|
| 082 |
0 |
|
|a C917.1/045
|
| 090 |
|
|
|a F1015
|b .Y35
|
| 245 |
0 |
0 |
|a Yankees in Canada :
|b a collection of nineteenth-century travel narratives /
|c edited, with introduction, notes, and bibliography, by James Doyle.
|
| 264 |
|
1 |
|a Downsview, Ont. :
|b ECW Press,
|c [1980]
|
| 264 |
|
4 |
|c ©1980
|
| 300 |
|
|
|a 231 pages :
|b illustrations ;
|c 23 cm.
|
| 336 |
|
|
|a text
|b txt
|2 rdacontent
|
| 337 |
|
|
|a unmediated
|b n
|2 rdamedia
|
| 338 |
|
|
|a volume
|b nc
|2 rdacarrier
|
| 504 |
|
|
|a Bibliography: pages 225-231.
|
| 651 |
|
0 |
|a Canada
|x Description and travel.
|
| 700 |
1 |
|
|a Doyle, James,
|d 1937-
|
| 999 |
|
|
|a MARS
|
| 999 |
f |
f |
|s e6addc9c-f8fe-3174-8ace-f35fb54f10a7
|i cc06e5fd-e8a3-3ca0-ad54-04f3537b859f
|t 0
|
| 952 |
f |
f |
|p ric
|a Texas A&M University
|b Rellis Campus
|c Joint Library Facility
|d Remote Storage
|t 0
|e F1015 .Y35
|h Library of Congress classification
|i unmediated -- volume
|m A14806110698
|
| 998 |
f |
f |
|a F1015 .Y35
|t 0
|l Remote Storage
|